[Event "XV Weekend A"]
[Site "Ceriano Laghetto ITA"]
[Date "2006.03.31"]
[Round "1"]
[White "Cazzaniga, Walter"]
[Black "Bellotto, Stefano"]
[Result "1-0"]
[WhiteElo "2133"]
[BlackElo "2034"]
[PlyCount "97"]
[EventDate "2006.03.31"]

1. d4 d6 2. Nf3 f5 3. g3 Nf6 4. Bg2 g6 5. b3 Bg7 6. Bb2 O-O 7. O-O c6 8. Nbd2
a5 9. a3 Qe8 10. c4 Bd7 11. Qc2 Na6 12. Rae1 d5 13. Ne5 Bh6 14. e3 Be6 15. f3
Nc7 16. cxd5 Ncxd5 17. Qd3 Nd7 18. e4 Nxe5 19. dxe5 Nc7 20. f4 a4 21. b4 Rd8
22. Qc2 Qd7 23. Rf2 Ra8 24. Nc4 Bxc4 25. Qxc4+ Qe6 26. Qxe6+ Nxe6 27. exf5 gxf5
28. Rd1 Rfd8 29. Rfd2 Rxd2 30. Rxd2 Rd8 31. Rxd8+ Nxd8 32. Bd4 Ne6 33. Bb6 Nf8
34. Bf3 Nd7 35. Bd4 Kf7 36. Kf2 Ke6 37. Bd1 Kd5 38. Ke3 Kc4 39. Bxa4 e6 40. Bd1
Bf8 41. Bh5 c5 42. bxc5 Nxc5 43. Bf7 Kd5 44. h3 Nb3 45. Bb2 Na5 46. Kd3 Nc4 47.
Bxe6+ Kxe6 48. Kxc4 b6 49. a4 1-0

[Event "XV Weekend A"]
[Site "Ceriano Laghetto ITA"]
[Date "2006.03.31"]
[Round "1"]
[White "Frigieri, Fabrizio"]
[Black "Salvador, Roland"]
[Result "0-1"]
[WhiteElo "2096"]
[BlackElo "2402"]
[PlyCount "108"]
[EventDate "2006.03.31"]

1. e4 c5 2. Nf3 Nc6 3. d4 cxd4 4. Nxd4 Nf6 5. Nc3 e5 6. Ndb5 d6 7. Bg5 a6 8.
Na3 b5 9. Bxf6 gxf6 10. Nd5 f5 11. Bxb5 axb5 12. Nxb5 Ra5 13. b4 Qh4 14. O-O
Kd8 15. c3 Ra6 16. Nbc7 Ra7 17. b5 Rxc7 18. Nxc7 Kxc7 19. bxc6 Qxe4 20. Qb3
Qxc6 21. Rab1 Kd8 22. Qxf7 Be7 23. Rfd1 Rf8 24. Qg7 Bb7 25. Rb4 Kd7 26. Rdb1
Ba8 27. h3 Qd5 28. Rb8 Rf6 29. Qg8 Qxg8 30. Rxg8 Bd5 31. Rg7 Ke6 32. a4 Rf8 33.
Rxh7 Rg8 34. g3 f4 35. g4 Be4 36. Rh6+ Kf7 37. Ra1 Bg6 38. h4 Bf8 39. Rxg6 Rxg6
40. f3 d5 41. Kf2 Rb6 42. Ra2 Bc5+ 43. Kg2 e4 44. a5 Rb1 45. a6 Ba7 46. fxe4
dxe4 47. Rd2 f3+ 48. Kg3 Bb8+ 49. Kf2 Bf4 50. Ra2 Rh1 51. Ra5 Rh2+ 52. Kg1 Bg3
53. Rf5+ Ke6 54. h5 Ra2 0-1

[Event "XV Weekend A"]
[Site "Ceriano Laghetto ITA"]
[Date "2006.03.31"]
[Round "1"]
[White "Pelizzola, Danilo"]
[Black "Lapiccirella, Daniele"]
[Result "0-1"]
[WhiteElo "2015"]
[BlackElo "2131"]
[PlyCount "92"]
[EventDate "2006.03.31"]

1. e4 c5 2. Nf3 e6 3. d4 cxd4 4. Nxd4 Nc6 5. Be3 a6 6. Be2 Qc7 7. O-O Nf6 8.
Nd2 d5 9. Nxc6 bxc6 10. Bf3 Bd6 11. h3 O-O 12. c3 Rb8 13. Qc2 a5 14. Rab1 Ba6
15. Rfe1 Be5 16. Bc5 Rfd8 17. Be2 Bh2+ 18. Kh1 Bxe2 19. Rxe2 Bf4 20. Be3 Rb7
21. Bxf4 Qxf4 22. e5 Nd7 23. g3 Qh6 24. Kg2 Qh5 25. Nf3 Qg6 26. Qd1 c5 27. Nh4
Qh5 28. Qe1 g5 29. Nf3 Qg6 30. Rd1 c4 31. Rd4 h6 32. Rg4 Rdb8 33. Qc1 Qd3 34.
Re3 Qg6 35. Nxg5 h5 36. Nxe6 hxg4 37. Nf4 gxh3+ 38. Kh2 Qf5 39. e6 Nf6 40.
exf7+ Rxf7 41. Re6 Re8 42. Rxe8+ Nxe8 43. Qe3 Nf6 44. Qb6 Ng4+ 45. Kxh3 Rh7+
46. Kg2 Qe4+ 0-1

[Event "XV Weekend A"]
[Site "Ceriano Laghetto ITA"]
[Date "2006.03.31"]
[Round "1"]
[White "Radice, Luca"]
[Black "Luciani, Valerio"]
[Result "0-1"]
[WhiteElo "2091"]
[BlackElo "2249"]
[PlyCount "120"]
[EventDate "2006.03.31"]

1. d4 f5 2. h3 d5 3. g4 fxg4 4. Bf4 Nf6 5. Nc3 Bf5 6. hxg4 Bxg4 7. f3 Bf5 8.
Bh3 e6 9. e3 Bd6 10. Nge2 Nc6 11. Bxf5 exf5 12. Qd2 Bxf4 13. Nxf4 Qd7 14. O-O-O
O-O-O 15. Nd3 Qe7 16. Rdg1 Rhe8 17. Nd1 g6 18. Qc3 Rd6 19. Nc5 Nd8 20. Kb1 Rc6
21. Qe1 Ne6 22. Nd3 f4 23. Ne5 Ra6 24. c3 fxe3 25. Nxe3 c5 26. Nc2 cxd4 27.
Nxd4 Nd7 28. Nxd7 Qxd7 29. Qh4 Nxd4 30. Qxd4 Qf5+ 31. Ka1 h5 32. Re1 Rxe1+ 33.
Rxe1 Re6 34. Qc5+ Kb8 35. Rxe6 Qxe6 36. Qf8+ Kc7 37. Qc5+ Kd7 38. Qb5+ Qc6 39.
Qb4 Qb6 40. Qa4+ Ke7 41. a3 g5 42. Qd1 Qc5 43. Qd3 Kf6 44. Qh7 Qg1+ 45. Ka2 h4
46. Qxb7 Qc5 47. Qd7 Qc4+ 48. Kb1 Qf1+ 49. Ka2 Qxf3 50. Qxa7 h3 51. Qc5 g4 52.
a4 Qe4 53. Qd6+ Kg5 54. Qd8+ Kf4 55. Qc7+ Kf3 56. a5 g3 57. Qf7+ Kg2 58. a6 h2
59. a7 h1=Q 60. a8=Q Qhb1+ 0-1

[Event "XV Weekend A"]
[Site "Ceriano Laghetto ITA"]
[Date "2006.03.31"]
[Round "1"]
[White "Ranola, Yves"]
[Black "Farachi, Francesco"]
[Result "1-0"]
[WhiteElo "2434"]
[BlackElo "2103"]
[PlyCount "131"]
[EventDate "2006.03.31"]

1. Nf3 Nf6 2. g3 g6 3. Bg2 Bg7 4. O-O O-O 5. d3 Nc6 6. e4 e5 7. Nbd2 d6 8. c3
Ne7 9. Re1 c6 10. d4 exd4 11. cxd4 d5 12. e5 Ne8 13. b4 Nc7 14. a4 Bg4 15. Ba3
Re8 16. Nb3 Nf5 17. Qd3 Bxf3 18. Bxf3 Ne6 19. Rac1 Bf8 20. Bg4 Qg5 21. Bxf5
Qxf5 22. Red1 Qxd3 23. Rxd3 h5 24. f4 Ng7 25. Na5 Rab8 26. Kf2 Be7 27. h3 Bd8
28. Nb3 Be7 29. g4 Ne6 30. f5 Ng5 31. f6 Bf8 32. gxh5 Ne4+ 33. Kf3 gxh5 34. Nd2
Ng5+ 35. Kf4 Ne6+ 36. Kf5 Kh7 37. Nf3 Bh6 38. Rg1 Rg8 39. Rdd1 Be3 40. Rg7+
Nxg7+ 41. fxg7 Rxg7 42. Rd3 Bh6 43. b5 cxb5 44. axb5 Rc8 45. Be7 Rc2 46. Bg5
Rc4 47. Ra3 Rb4 48. h4 Rxb5 49. Bxh6 Kxh6 50. Rxa7 Rg2 51. Ra3 Kg7 52. Rc3 Rbb2
53. e6 fxe6+ 54. Kxe6 Rb5 55. Ne5 Re2 56. Rg3+ Kf8 57. Rg5 Re4 58. Rxh5 Rxd4
59. Rf5+ Kg8 60. Rg5+ Kh7 61. Nd7 Re4+ 62. Kf5 Kh8 63. Nf6 d4+ 64. Kxe4 Rxg5
65. hxg5 Kg7 66. Kxd4 1-0

[Event "XV Weekend A"]
[Site "Ceriano Laghetto ITA"]
[Date "2006.03.31"]
[Round "1"]
[White "Vezzosi, Paolo"]
[Black "Astengo, Marcello"]
[Result "1-0"]
[WhiteElo "2362"]
[BlackElo "2091"]
[PlyCount "69"]
[EventDate "2006.03.31"]

1. d4 d5 2. c4 c6 3. Nc3 e6 4. Nf3 dxc4 5. a4 Bb4 6. e3 b5 7. Bd2 a5 8. axb5
Bxc3 9. Bxc3 cxb5 10. b3 Bb7 11. bxc4 b4 12. Bb2 Nf6 13. Bd3 Nbd7 14. O-O O-O
15. Qc2 Qc7 16. Ne5 Rfb8 17. Nxd7 Qxd7 18. e4 h6 19. d5 Qe7 20. e5 Nd7 21. d6
Qg5 22. f4 Qd8 23. Bd4 Bc6 24. f5 Qh4 25. Qb2 a4 26. g3 Qg4 27. Rf4 Qg5 28. Qe2
h5 29. Rh4 g6 30. Be3 Qd8 31. fxg6 fxg6 32. Bxg6 Nxe5 33. Qxh5 Nf3+ 34. Kf2 Qf6
35. Qh7+ 1-0

[Event "XV Weekend A"]
[Site "Ceriano Laghetto ITA"]
[Date "2006.04.01"]
[Round "2"]
[White "Astengo, Marcello"]
[Black "Pelizzola, Danilo"]
[Result "1-0"]
[WhiteElo "2091"]
[BlackElo "2015"]
[PlyCount "93"]
[EventDate "2006.03.31"]

1. d4 Nf6 2. c4 e6 3. Nc3 Bb4 4. Qc2 d5 5. a3 Be7 6. Bf4 c6 7. e3 O-O 8. Bd3
dxc4 9. Bxc4 b5 10. Ba2 Nbd7 11. Rd1 Bb7 12. Nf3 Qb6 13. O-O Rfd8 14. e4 Nf8
15. Bg5 h6 16. Bh4 g5 17. Bg3 c5 18. d5 exd5 19. exd5 c4 20. Qf5 Bc8 21. Qe5
Bc5 22. Nxb5 Re8 23. Qc3 Ne4 24. Qxc4 Nxg3 25. hxg3 Bd7 26. Nbd4 Rac8 27. b4
Bd6 28. Qd3 a5 29. b5 Ng6 30. Rc1 Bc5 31. Nc6 Bd6 32. Nfd4 Ne5 33. Qc3 Ng6 34.
Bb1 Nf8 35. Nf5 Bxf5 36. Bxf5 Rc7 37. Qf6 Bc5 38. Qxh6 Qxb5 39. Qxg5+ Kh8 40.
Qh6+ Kg8 41. Qg5+ Kh8 42. Qh4+ Kg8 43. Rc4 Rxc6 44. dxc6 Be7 45. Qg4+ Kh8 46.
Qh5+ Kg8 47. Rg4+ 1-0

[Event "XV Weekend A"]
[Site "Ceriano Laghetto ITA"]
[Date "2006.04.01"]
[Round "2"]
[White "Bellotto, Stefano"]
[Black "Frigieri, Fabrizio"]
[Result "0-1"]
[WhiteElo "2034"]
[BlackElo "2096"]
[PlyCount "86"]
[EventDate "2006.03.31"]

1. e4 d5 2. Nc3 dxe4 3. Nxe4 e5 4. Ng3 Nf6 5. Bc4 Bc5 6. N1e2 O-O 7. O-O Nc6 8.
a3 a5 9. d3 h6 10. h3 Nd5 11. Nc3 Be6 12. Bxd5 Bxd5 13. Qh5 f6 14. Nf5 Ne7 15.
Nxg7 Kxg7 16. Bxh6+ Kg8 17. Qg4+ Kf7 18. Qh5+ Kg8 19. Qg4+ Kf7 20. Qh5+ Ke6 21.
Rae1 Rg8 22. Ne4 Bxe4 23. dxe4 Qe8 24. Qf3 Qg6 25. Rd1 Nc6 26. Be3 Bxe3 27.
fxe3 Rad8 28. Qf5+ Qxf5 29. exf5+ Ke7 30. Kf2 Rxd1 31. Rxd1 Rd8 32. Rxd8 Nxd8
33. Kf3 a4 34. Ke4 c6 35. g4 Nf7 36. h4 Kd6 37. b4 b5 38. Kd3 Nh6 39. g5 fxg5
40. hxg5 Nxf5 41. e4 Ne7 42. Ke3 Ke6 43. Kf3 Kf7 0-1

[Event "XV Weekend A"]
[Site "Ceriano Laghetto ITA"]
[Date "2006.04.01"]
[Round "2"]
[White "Farachi, Francesco"]
[Black "Brugo, Marco"]
[Result "1/2-1/2"]
[WhiteElo "2103"]
[BlackElo "2041"]
[PlyCount "141"]
[EventDate "2006.03.31"]

1. e4 e6 2. d4 d5 3. Nc3 Nf6 4. exd5 exd5 5. Bg5 Bb4 6. Bd3 c5 7. Qe2+ Be6 8.
Bb5+ Nc6 9. Nf3 O-O 10. Bxc6 bxc6 11. O-O Bg4 12. dxc5 Re8 13. Qd3 Bxc5 14. Nd4
Qd6 15. h3 Bd7 16. Nce2 Ne4 17. Be3 Bb6 18. Bf4 Qf6 19. c3 c5 20. Nf3 c4 21.
Qxd5 Bc6 22. Qxc4 Nxf2 23. Ned4 Bxf3 24. Rxf2 Rac8 25. Qd3 Be4 26. Qd2 Qg6 27.
Kh2 h5 28. Raf1 f6 29. Qd1 Bd5 30. a3 Rcd8 31. Qc2 Be4 32. Qb3+ Kh8 33. Rg1
Bxd4 34. cxd4 Rxd4 35. Qg3 Qxg3+ 36. Bxg3 Red8 37. Bc7 R8d7 38. Ba5 Kg8 39. Bc3
R4d5 40. Re1 f5 41. g4 hxg4 42. hxg4 g6 43. gxf5 gxf5 44. Rg1+ Kf8 45. Bb4+ Kf7
46. Kg3 Rd3+ 47. Kf4 Ke6 48. Rg6+ Kd5 49. Bc3 Rh7 50. Ra6 Rh4+ 51. Kg5 Rg4+ 52.
Kf6 Kc4 53. Rxa7 Rd6+ 54. Ke7 Rgg6 55. Ra4+ Kb5 56. Rb4+ Kc6 57. Rc4+ Kb5 58.
Rb4+ Kc6 59. Rd2 Rge6+ 60. Kf7 Bd5 61. Kf8 Rd8+ 62. Kg7 Rd7+ 63. Kf8 Rg6 64.
Rxd5 Kxd5 65. Rb5+ Ke6 66. Re5+ Kd6 67. Rxf5 Kc6 68. a4 Rgd6 69. a5 Rd8+ 70.
Kf7 R6d7+ 71. Kf6 1/2-1/2

[Event "XV Weekend A"]
[Site "Ceriano Laghetto ITA"]
[Date "2006.04.01"]
[Round "2"]
[White "Lapiccirella, Daniele"]
[Black "Vezzosi, Paolo"]
[Result "0-1"]
[WhiteElo "2131"]
[BlackElo "2362"]
[PlyCount "82"]
[EventDate "2006.03.31"]

1. d4 Nf6 2. c4 e6 3. Bg5 Bb4+ 4. Nd2 d5 5. e3 Nbd7 6. Ngf3 c6 7. a3 Be7 8. Bd3
O-O 9. O-O Re8 10. Qc2 Nf8 11. Rad1 N6d7 12. Bf4 Ng6 13. Bg3 Nf6 14. h3 Bd6 15.
Ne5 Qe7 16. e4 dxe4 17. Nxe4 Nxe4 18. Bxe4 Rd8 19. Rfe1 Bd7 20. Nxg6 hxg6 21.
Bxd6 Qxd6 22. Bf3 Rac8 23. Qb3 Rc7 24. Qe3 Bc8 25. Qe5 Rcd7 26. Qxd6 Rxd6 27.
d5 exd5 28. cxd5 c5 29. Rc1 b6 30. b4 cxb4 31. axb4 R6d7 32. Ra1 Kf8 33. Rec1
a6 34. b5 a5 35. Rc6 Rd6 36. Rc7 Bd7 37. Rb1 Rc8 38. Rb7 Rc5 39. Rb8+ Ke7 40.
Rb7 Kd8 41. Kh2 Kc8 0-1

[Event "XV Weekend A"]
[Site "Ceriano Laghetto ITA"]
[Date "2006.04.01"]
[Round "2"]
[White "Luciani, Valerio"]
[Black "Bozzali, Ermanno"]
[Result "1-0"]
[WhiteElo "2249"]
[BlackElo "2105"]
[PlyCount "81"]
[EventDate "2006.03.31"]

1. d4 Nf6 2. c4 e6 3. Nc3 Bb4 4. a3 Bxc3+ 5. bxc3 Nc6 6. f3 O-O 7. e4 d6 8. Be3
b6 9. Nh3 e5 10. Nf2 Qe7 11. Bd3 Na5 12. O-O c5 13. d5 Ba6 14. Qe2 Qd7 15. a4
h6 16. g4 h5 17. Kg2 Bc8 18. Kg3 Nh7 19. gxh5 f5 20. exf5 Qf7 21. f4 Nf6 22.
fxe5 dxe5 23. Ne4 Nxh5+ 24. Kh4 Nf4 25. Bxf4 exf4 26. Ng5 Qf6 27. Rxf4 g6 28.
Raf1 Bxf5 29. Bxf5 gxf5 30. Qh5 Qh8 31. Rg1 Qxh5+ 32. Kxh5 Kh8 33. Ne6 Rf6 34.
Rg6 Rf7 35. Ng5 Rg7 36. h4 Re8 37. d6 Rxg6 38. Kxg6 Nb7 39. d7 Rg8+ 40. Kxf5
Nd8 41. Nf7+ 1-0

[Event "XV Weekend A"]
[Site "Ceriano Laghetto ITA"]
[Date "2006.04.01"]
[Round "2"]
[White "Mastroddi, Emiliano"]
[Black "Sbarra, Marco"]
[Result "1/2-1/2"]
[WhiteElo "2055"]
[BlackElo "2270"]
[PlyCount "99"]
[EventDate "2006.03.31"]

1. e4 e5 2. Nf3 Nc6 3. Bb5 a6 4. Bxc6 dxc6 5. O-O Ne7 6. d4 exd4 7. Qxd4 Qxd4
8. Nxd4 c5 9. Ne2 Nc6 10. Bf4 Nb4 11. Na3 Bd6 12. Bxd6 cxd6 13. Rfd1 Ke7 14. c3
Nc6 15. Nc4 Rd8 16. Nb6 Rb8 17. Nxc8+ Rbxc8 18. f4 Ke6 19. Ng3 g6 20. Rd2 b5
21. Rad1 a5 22. Ne2 a4 23. g4 Na5 24. f5+ Ke7 25. Nf4 Nc4 26. Re2 Kf6 27. h4 h6
28. fxg6 fxg6 29. Rf1 Ne5 30. g5+ hxg5 31. hxg5+ Kf7 32. Nd3+ Kg7 33. Nxe5 dxe5
34. Ref2 Rd7 35. Rf6 Rh8 36. Re6 a3 37. bxa3 Rh3 38. Rxe5 Rxc3 39. Rf2 Rf7 40.
Rb2 Rd7 41. Rxb5 Rc2 42. Rd5 Rc7 43. Rb6 Re7 44. Rdd6 Rxe4 45. Rxg6+ Kh7 46.
Rh6+ Kg7 47. Rhg6+ Kh7 48. Rh6+ Kg7 49. Rb7+ Kg8 50. Rb8+ 1/2-1/2

[Event "XV Weekend A"]
[Site "Ceriano Laghetto ITA"]
[Date "2006.04.01"]
[Round "2"]
[White "Pace, Pietro Dario"]
[Black "Ranola, Yves"]
[Result "1-0"]
[WhiteElo "2185"]
[BlackElo "2434"]
[PlyCount "93"]
[EventDate "2006.03.31"]

1. e4 c5 2. Nf3 Nc6 3. Bb5 Nf6 4. e5 Nd5 5. O-O g6 6. c3 Bg7 7. Re1 O-O 8. h3
Nc7 9. Bf1 d6 10. exd6 Qxd6 11. Na3 e5 12. Nc4 Qd5 13. d3 b6 14. a4 Bb7 15. Qc2
Rad8 16. Bd2 Rfe8 17. Rad1 Qd7 18. Bc1 f6 19. Nfd2 Nd5 20. Ne4 Qc7 21. Qb3 Kh8
22. g3 f5 23. Ng5 h6 24. Nf3 Qf7 25. Bg2 Kh7 26. Nh2 Ba6 27. Na3 Na5 28. Qc2
Nc7 29. Nf1 Qb3 30. Qb1 Qxa4 31. h4 Nb3 32. h5 Nxc1 33. hxg6+ Kxg6 34. Qxc1
Bxd3 35. Ne3 Rf8 36. Rd2 c4 37. g4 f4 38. Nf5 Qe8 39. Red1 Ne6 40. Rxd3 cxd3
41. Be4 Kf6 42. Rxd3 Nc5 43. Rxd8 Qxd8 44. Bg2 Qd3 45. Qe1 Bh8 46. b4 Ne6 47.
Kh2 1-0

[Event "XV Weekend A"]
[Site "Ceriano Laghetto ITA"]
[Date "2006.04.01"]
[Round "2"]
[White "Salvador, Roland"]
[Black "Cazzaniga, Walter"]
[Result "1-0"]
[WhiteElo "2402"]
[BlackElo "2133"]
[PlyCount "33"]
[EventDate "2006.03.31"]

1. d4 Nf6 2. Nf3 g6 3. Nc3 d5 4. Bf4 Bg7 5. e3 O-O 6. Be2 c5 7. Ne5 Nc6 8. O-O
cxd4 9. exd4 Bf5 10. Nxc6 bxc6 11. Na4 Nd7 12. g4 Be6 13. Qd2 a5 14. Rae1 Qc8
15. Bg3 Re8 16. Qe3 Nf8 17. Nb6 1-0

[Event "XV Weekend A"]
[Site "Ceriano Laghetto ITA"]
[Date "2006.04.01"]
[Round "2"]
[White "Virzi, Ettore"]
[Black "Barlocco, Carlo"]
[Result "0-1"]
[WhiteElo "2003"]
[BlackElo "2192"]
[PlyCount "56"]
[EventDate "2006.03.31"]

1. e4 d5 2. exd5 Nf6 3. Bb5+ Bd7 4. Be2 Nxd5 5. d4 Bf5 6. Nf3 e6 7. O-O Be7 8.
a3 a5 9. c4 Nb6 10. Nc3 O-O 11. Be3 Bf6 12. Ne5 Bxe5 13. dxe5 Nc6 14. f4 Qe7
15. Qe1 Rfd8 16. Qf2 a4 17. Bc5 Qe8 18. Nb5 Rdc8 19. Bxb6 cxb6 20. Nd6 Qd8 21.
Rad1 Qc7 22. Bh5 Rf8 23. Bf3 h6 24. Nb5 Qe7 25. Qxb6 Na5 26. Nd6 Bc2 27. Rd2
Bb3 28. Bxb7 Rfb8 0-1

[Event "XV Weekend A"]
[Site "Ceriano Laghetto ITA"]
[Date "2006.04.01"]
[Round "2"]
[White "Zacco, Remo"]
[Black "Radice, Luca"]
[Result "1/2-1/2"]
[WhiteElo "2009"]
[BlackElo "2091"]
[PlyCount "109"]
[EventDate "2006.03.31"]

1. e4 e6 2. d4 d5 3. Nd2 Nc6 4. Ngf3 Nf6 5. e5 Nd7 6. c3 f6 7. exf6 Qxf6 8. Nb3
Bd6 9. Bg5 Qf7 10. Bd3 O-O 11. Bh4 Qh5 12. Bg3 Bxg3 13. fxg3 e5 14. dxe5 Ndxe5
15. Nxe5 Qxe5+ 16. Qe2 Qg5 17. Qd2 Qxd2+ 18. Nxd2 Ne5 19. Be2 Ng4 20. Nf3 Bf5
21. h3 Ne3 22. Kf2 Rae8 23. Rae1 c6 24. b3 Be4 25. Bf1 Nxf1 26. Rhxf1 Bd3 27.
Rxe8 Rxe8 28. Re1 Rxe1 29. Kxe1 Be4 30. Kf2 c5 31. Ke3 Bb1 32. a3 Kf7 33. b4 b6
34. g4 Ke6 35. g3 Kd6 36. g5 Be4 37. Nd2 Bc2 38. Nf3 Kc6 39. h4 Kb5 40. Kd2 Be4
41. Ne5 d4 42. h5 h6 43. gxh6 gxh6 44. Nf7 Bf3 45. Nxh6 Bxh5 46. cxd4 cxb4 47.
axb4 Kc4 48. Ke3 a5 49. bxa5 bxa5 50. Nf5 a4 51. Nd6+ Kb4 52. Kd2 Bf3 53. Kc1
Kc3 54. Nb5+ Kc4 55. Na3+ 1/2-1/2

[Event "XV Weekend A"]
[Site "Ceriano Laghetto ITA"]
[Date "2006.04.01"]
[Round "3"]
[White "Barlocco, Carlo"]
[Black "Salvador, Roland"]
[Result "0-1"]
[WhiteElo "2192"]
[BlackElo "2402"]
[PlyCount "80"]
[EventDate "2006.03.31"]

1. d4 d5 2. Nf3 c5 3. g3 cxd4 4. Nxd4 e5 5. Nb3 Nc6 6. Bg2 Be6 7. O-O h5 8. Nc3
d4 9. Ne4 h4 10. Bg5 f6 11. Bd2 hxg3 12. fxg3 Bh3 13. Bxh3 Rxh3 14. e3 Qd7 15.
Qf3 Rh8 16. exd4 exd4 17. Nec5 Bxc5 18. Nxc5 Qe7 19. Rae1 Ne5 20. Qa3 Rh5 21.
Qa4+ Kf7 22. Qxd4 Rd8 23. Qe3 Rxd2 24. Qxd2 Qxc5+ 25. Qe3 Qxc2 26. Re2 Qd3 27.
Qxd3 Nxd3 28. Rf3 Ne5 29. Rc3 Nc6 30. Rd3 Rb5 31. Rd7+ Nge7 32. b3 g5 33. Rc7
Ne5 34. Rc3 Nd5 35. Rc8 Rb4 36. Rec2 Re4 37. Rb8 Re1+ 38. Kf2 Nd3+ 39. Kf3 g4+
40. Kxg4 Ne3+ 0-1

[Event "XV Weekend A"]
[Site "Ceriano Laghetto ITA"]
[Date "2006.04.01"]
[Round "3"]
[White "Bozzali, Ermanno"]
[Black "Virzi, Ettore"]
[Result "1-0"]
[WhiteElo "2105"]
[BlackElo "2003"]
[PlyCount "47"]
[EventDate "2006.03.31"]

1. e4 e5 2. Nf3 Nc6 3. Bb5 a6 4. Ba4 Nf6 5. O-O b5 6. Bb3 Bc5 7. c3 d6 8. d4
Bb6 9. a4 Rb8 10. axb5 axb5 11. Na3 exd4 12. cxd4 Bg4 13. Nxb5 O-O 14. Be3 Qe7
15. Qd3 Nb4 16. Qd2 d5 17. e5 Ne4 18. Qd1 Ra8 19. Rxa8 Rxa8 20. Nc3 Bxf3 21.
gxf3 Qh4 22. fxe4 Ra1 23. Qf3 Rxf1+ 24. Kxf1 1-0

[Event "XV Weekend A"]
[Site "Ceriano Laghetto ITA"]
[Date "2006.04.01"]
[Round "3"]
[White "Brugo, Marco"]
[Black "Mastroddi, Emiliano"]
[Result "1/2-1/2"]
[WhiteElo "2041"]
[BlackElo "2055"]
[PlyCount "163"]
[EventDate "2006.03.31"]

1. d4 d5 2. c4 c6 3. Nc3 Nf6 4. Nf3 dxc4 5. a4 Bf5 6. Nh4 Bg6 7. f3 e6 8. Bg5
Be7 9. e4 Nxe4 10. Bxe7 Qxe7 11. Nxg6 Nxc3 12. Nxe7 Nxd1 13. Nxc6 Ne3 14. Nxb8
Nc2+ 15. Kd2 Nxa1 16. Bxc4 Rxb8 17. Rxa1 O-O 18. b3 Rfd8 19. Ke3 Rd6 20. Rd1 a6
21. a5 Kf8 22. Rd2 Ke7 23. d5 Rbd8 24. Ke4 exd5+ 25. Rxd5 Rxd5 26. Bxd5 Rd7 27.
g4 f6 28. h4 Kd6 29. Kd4 Re7 30. Be4 h6 31. h5 Kc7 32. b4 b6 33. axb6+ Kxb6 34.
Kc4 Rc7+ 35. Kb3 Rc1 36. Kb2 Re1 37. Kb3 Kc7 38. Kc4 Rd1 39. Kc5 Rd8 40. Bf5
Re8 41. Be4 Re5+ 42. Kd4 Kb6 43. Kc4 a5 44. bxa5+ Rxa5 45. Kd4 Kc7 46. Ke3 Kd6
47. Kf4 Ke6 48. Bh7 Ra3 49. Bf5+ Kd5 50. Be4+ Kd4 51. Bb1 Ra5 52. Bf5 Kd5 53.
Be4+ Kd6 54. Bh7 Ra4+ 55. Kf5 Ke7 56. Bg8 Ra5+ 57. Kf4 Re5 58. Bh7 Ke6 59. Bg8+
Kd6 60. Bh7 Kd5 61. Bg8+ Kd4 62. Bh7 Kc3 63. Be4 Kd2 64. Bc6 Ke2 65. Bb7 Kf2
66. Bc6 Rc5 67. Be4 Kg2 68. Bd3 Kf2 69. Be4 Rc4 70. Kf5 Ke3 71. Kg6 Rc7 72. Bd5
Kf4 73. Be4 Re7 74. Bd5 Re5 75. Be4 Rg5+ 76. Kf7 Ke5 77. Bg6 Kf4 78. Kxg7 Kxf3
79. Kxh6 Kxg4 80. Kg7 Rxh5 81. Bxh5+ Kxh5 82. Kxf6 1/2-1/2

[Event "XV Weekend A"]
[Site "Ceriano Laghetto ITA"]
[Date "2006.04.01"]
[Round "3"]
[White "Cazzaniga, Walter"]
[Black "Pace, Pietro Dario"]
[Result "0-1"]
[WhiteElo "2133"]
[BlackElo "2185"]
[PlyCount "100"]
[EventDate "2006.03.31"]

1. d4 Nf6 2. c4 g6 3. Nc3 d5 4. cxd5 Nxd5 5. e4 Nxc3 6. bxc3 Bg7 7. Be3 c5 8.
Nf3 O-O 9. Rc1 Qc7 10. Qd2 Rd8 11. d5 b6 12. c4 e5 13. Bd3 Qe7 14. h3 Na6 15.
g4 Nc7 16. Ke2 Ne8 17. g5 Nd6 18. Rcg1 b5 19. Bxc5 bxc4 20. Bc2 Qc7 21. Bb4 a5
22. Bc3 Nb5 23. Rb1 Nxc3+ 24. Qxc3 Rf8 25. Ba4 f6 26. gxf6 Bxf6 27. Bc6 Ra7 28.
Rhc1 Qd6 29. Nd2 Bg5 30. Nxc4 Qf6 31. Rf1 Raf7 32. Rb3 Bf4 33. Qxa5 Kg7 34. Qc3
Ba6 35. a4 Rc7 36. Rb6 Bxc4+ 37. Qxc4 Bg5 38. Qd3 Qd6 39. Rb3 Bh4 40. Qc2 Rcf7
41. f3 Qf6 42. Rb7 Qg5 43. Rxf7+ Rxf7 44. Kd3 Qg3 45. Qe2 Qxh3 46. a5 Qc8 47.
Kc3 Bd8 48. Ra1 Ra7 49. a6 Bb6 50. Qb5 Bd4+ 0-1

[Event "XV Weekend A"]
[Site "Ceriano Laghetto ITA"]
[Date "2006.04.01"]
[Round "3"]
[White "Frigieri, Fabrizio"]
[Black "Lapiccirella, Daniele"]
[Result "0-1"]
[WhiteElo "2096"]
[BlackElo "2131"]
[PlyCount "108"]
[EventDate "2006.03.31"]

1. e4 c5 2. Nf3 e6 3. d4 cxd4 4. Nxd4 Nc6 5. Nc3 a6 6. Be2 Qc7 7. O-O Nf6 8.
Be3 Bb4 9. Nxc6 bxc6 10. Na4 Be7 11. Nb6 Rb8 12. Nxc8 Qxc8 13. e5 Nd5 14. Bc1
Bc5 15. c4 Ne7 16. b3 Qc7 17. Bb2 O-O 18. Bd3 a5 19. Bc2 a4 20. Qd3 Ng6 21. Kh1
Bb4 22. f4 a3 23. Bd4 c5 24. Bf2 f5 25. exf6 Rxf6 26. f5 exf5 27. Rad1 Re8 28.
Qd5+ Kh8 29. Qxd7 Qxd7 30. Rxd7 Kg8 31. Bd1 Ne5 32. Rd5 Ng4 33. Bxc5 Bxc5 34.
Rxc5 Nf2+ 35. Kg1 Nxd1 36. Rxd1 Re2 37. Rd8+ Kf7 38. Rd7+ Kg6 39. Rcc7 Rxa2 40.
Rxg7+ Kh6 41. h4 Kh5 42. Rxh7+ Kg4 43. Rcg7+ Kf4 44. h5 Rb2 45. Ra7 a2 46. Kh2
Kg5 47. c5 f4 48. Ra5 Rf5 49. Ra6 f3 50. Rg6+ Kh4 51. Rhg7 a1=Q 52. Rg4+ Kxh5
53. Rg3 Rxg2+ 54. Rxg2 fxg2 0-1

[Event "XV Weekend A"]
[Site "Ceriano Laghetto ITA"]
[Date "2006.04.01"]
[Round "3"]
[White "Pelizzola, Danilo"]
[Black "Bellotto, Stefano"]
[Result "1-0"]
[WhiteElo "2015"]
[BlackElo "2034"]
[PlyCount "67"]
[EventDate "2006.03.31"]

1. e4 d6 2. d4 Nf6 3. Bd3 e5 4. Nf3 Bg4 5. dxe5 dxe5 6. Be3 Nbd7 7. h3 Bh5 8.
Nbd2 c6 9. Qe2 Qc7 10. g4 Bg6 11. Nh4 Nc5 12. f3 Ne6 13. Qf2 b6 14. Bc4 Nf4 15.
Ng2 Bd6 16. h4 h6 17. g5 Nd7 18. Nb3 O-O 19. O-O-O Rfd8 20. Rd2 Nf8 21. Rhd1
N8e6 22. Kb1 Rab8 23. Bxf4 Nxf4 24. Nxf4 exf4 25. Nd4 Bc5 26. Qg2 a5 27. a3 b5
28. Ba2 a4 29. c3 Re8 30. Ka1 Re7 31. Qh3 Rbe8 32. Nf5 Bxf5 33. Qxf5 Be3 34.
Rd7 1-0

[Event "XV Weekend A"]
[Site "Ceriano Laghetto ITA"]
[Date "2006.04.01"]
[Round "3"]
[White "Radice, Luca"]
[Black "Farachi, Francesco"]
[Result "1-0"]
[WhiteElo "2091"]
[BlackElo "2103"]
[PlyCount "191"]
[EventDate "2006.03.31"]

1. d4 Nf6 2. c4 d6 3. Nc3 g6 4. e4 Bg7 5. f4 O-O 6. Nf3 Nbd7 7. Bd3 e6 8. O-O
a6 9. a4 c5 10. d5 exd5 11. exd5 Nb6 12. Bd2 Bd7 13. Qc2 Nc8 14. f5 Ne7 15.
fxg6 hxg6 16. Ng5 Bf5 17. Rae1 Bxd3 18. Qxd3 Qd7 19. Nce4 Nxe4 20. Qxe4 Nf5 21.
Qg4 Bd4+ 22. Kh1 Kg7 23. Re4 Rh8 24. Ref4 Kg8 25. Rxf5 gxf5 26. Rxf5 Rh4 27.
Qf3 f6 28. Ne6 Qh7 29. h3 Bxb2 30. Be1 Rh6 31. Bg3 Rg6 32. Bxd6 Qh4 33. Bf4
Qe1+ 34. Kh2 Bd4 35. Nxd4 cxd4 36. d6 Qe6 37. Rd5 Rd8 38. Rxd4 Rd7 39. c5 Rdg7
40. g3 Qa2+ 41. Rd2 Qe6 42. c6 bxc6 43. Qxc6 Rd7 44. Qxa6 Rgg7 45. Qc8+ Kh7 46.
Qc2+ Kg8 47. a5 Rh7 48. h4 Rhg7 49. a6 Ra7 50. Re2 Qd7 51. Qc5 Qg4 52. Qc4+ Kh7
53. Qd3+ Qg6 54. Qxg6+ Kxg6 55. Ra2 Rgd7 56. Be3 Ra8 57. Bc5 Kf5 58. a7 Ke6 59.
Rd2 Ke5 60. Kg2 Rc8 61. Kf3 Rg8 62. Rb2 Ra8 63. Rb8 Raxa7 64. Bxa7 Rxa7 65. Rb6
f5 66. Rb5+ Ke6 67. Kf4 Kxd6 68. Rxf5 Ke6 69. Rb5 Rf7+ 70. Kg4 Rg7+ 71. Kh3 Ra7
72. h5 Kf6 73. Kh4 Kg7 74. Rb6 Ra5 75. g4 Ra4 76. h6+ Kh7 77. Kh5 Ra5+ 78. g5
Rc5 79. Rb7+ Kh8 80. Rf7 Kg8 81. Rf6 Kh7 82. Ra6 Rb5 83. Ra7+ Kh8 84. Kg6 Rb6+
85. Kf7 Rc6 86. Re7 Kh7 87. Re6 Rc8 88. Re7 Rb8 89. Kf6+ Kh8 90. g6 Ra8 91. Kf7
Rf8+ 92. Ke6 Ra8 93. g7+ Kh7 94. Kf7 Rb8 95. Re8 Rb7+ 96. Kf8 1-0